000 00328nam a22001457a 4500
008 230707b ||||| |||| 00| 0 eng d
020 _a9781119092896
041 _aeng
080 _a339.13
082 _a339.13CUN
100 _a32
101 _aJURE
245 _aMARKETING BUILD RELATIONSHIPS
_cCUNDARI.A
942 _2udc
_cBK
999 _c60128
_d60128